00365nam a2200121Ia 4500008004100000040001600041041001200057082001600069100002700085245006800112260004900180300001400229230917s9999||||xx |||||||||||||| ||und|| e97428aMAIN aEnglish a954.02 S23M aSharma, Ghanshyam Dutt 0aMadhyakalin bhartiya samajik., aarthik evam rajnitik sansthayen aJaipurbRajasthan Hindi Granth Academyc1986 aii,372 p.